Deconstructing sustainable rubber production: Contesting narratives in rural Sumatra (Record no. 56749)
[ view plain ]
| 000 -LEADER | |
|---|---|
| fixed length control field | 00619nam a2200217Ia 4500 |
| 100 ## - MAIN ENTRY--AUTHOR NAME | |
| Personal name | Otten F |
| 245 #0 - TITLE STATEMENT | |
| Title | Deconstructing sustainable rubber production: Contesting narratives in rural Sumatra |
| 260 ## - PUBLICATION, DISTRIBUTION, ETC. (IMPRINT) | |
| Name of publisher | Journal of Land Use Science |
| Year of publication | 2020 |
| 300 ## - PHYSICAL DESCRIPTION | |
| Number of Pages | 306-326 |
| 500 ## - GENERAL NOTE | |
| General note | Source Year: 2020 |
| 650 ## - SUBJECT ADDED ENTRY--TOPICAL TERM | |
| Topical Term | Green economy |
| 650 ## - SUBJECT ADDED ENTRY--TOPICAL TERM | |
| Topical Term | Green grabbing |
| 650 ## - SUBJECT ADDED ENTRY--TOPICAL TERM | |
| Topical Term | Land conflict |
| 650 ## - SUBJECT ADDED ENTRY--TOPICAL TERM | |
| Topical Term | Sustainable rubber |
| 700 ## - ADDED ENTRY--PERSONAL NAME | |
| Personal name | Bondy H |
| 700 ## - ADDED ENTRY--PERSONAL NAME | |
| Personal name | Faust H |
| 700 ## - ADDED ENTRY--PERSONAL NAME | |
| Personal name | Hein J |
| 856 ## - ELECTRONIC LOCATION AND ACCESS | |
| Uniform Resource Identifier | Copy (doi.org/10.1080/1747423X.2019.1709225) |
| 942 ## - ADDED ENTRY ELEMENTS (KOHA) | |
| Koha item type | Journals |
| Withdrawn status | Lost status | Damaged status | Not for loan | Home library | Current library | Shelving location | Date acquired | Serial Enumeration / chronology | Koha item type |
|---|---|---|---|---|---|---|---|---|---|
| Journals | RRII Library | RRII Library | Economics | 17/12/2021 | Volume 15, Issue 03-Feb | Journals |